| 000 | 01683nam a2200265 a 4500 | ||
|---|---|---|---|
| 001 | 86307 | ||
| 003 | BD-RjUL | ||
| 005 | 20260402122847.0 | ||
| 008 | 260402s2024 bg a|||| m||| 00| 0 ben d | ||
| 035 | _a(BD-RjUL)86307 | ||
| 040 |
_aBD-RjUL _bben / eng _cBD-RjUL _dBD-RjUL |
||
| 041 | _aben | ||
| 082 |
_223 _a808.81 _bAHB 2024 |
||
| 100 |
_aশরীফ, আহম্মদ, গবেষক _917989 |
||
| 245 | 1 | 0 |
_aবাংলা রোমান্টিক প্রণয়োপাখ্যানে জীবনধর্ম ও কাব্যরুপ : _bএকটি তুলনামূলক পর্যালোচনা / _cগবেষক, আহম্মদ, শরীফ _6তত্ত্বাবধায়ক : খন্দকার ফরহাদ হোসেন |
| 246 |
_aPhilosophy of life and Poetic Features in Bangla Romantic Pronayopakhyan : _bA Comparative Study / |
||
| 260 |
_aরাজশাহী : _bবাংলা বিভাগ, রাজশাহী বিশ্ববিদ্যালয়, _c২০২৪ |
||
| 300 |
_avii, ৪৫৮ পাতা : _bচিত্র ; _c৩০ সেমি. |
||
| 502 | _aথিসিস (পিএইচ, ডি.) -- বাংলা বিভাগ, রাজশাহী বিশ্ববিদ্যালয়, ২০২৪ | ||
| 504 | _aগ্রন্থপঞ্জি : পাতা ৪৩৪-৪৫৮ | ||
| 650 |
_aকাব্যরুপ _vইতিহাস ও সমালোচনা _917990 |
||
| 650 |
_aPoetic _vHistory and Criticism _917991 |
||
| 700 |
_aহোসেন, খন্দকার ফরহাদ, তত্ত্বাবধায়ক _92298 |
||
| 942 |
_2ddc _cTHE |
||
| 999 |
_c86307 _d86307 |
||